000 00463nam a22001217a 4500
999 _c21489
_d21489
008 240911b ||||| |||| 00| 0 eng d
100 _aMendoza, Edna U.
_eauthor.
_960633
245 _aAre higher educations preparing students for real world? /
_cEdna U. Mendoza.
260 _aPhilippines;
_bPublishers Association of the Philippines, Inc.,
_cDecember 2019.
300 _aVolume 168, pages 235.
700 _aMendoza, Edna U.
_eauthor.
_960633
942 _2ddc
_cPER